<?xml version="1.0" encoding="UTF-8"?>
<record
    xmlns:xsi="http://www.w3.org/2001/XMLSchema-instance"
    xsi:schemaLocation="http://www.loc.gov/MARC21/slim http://www.loc.gov/standards/marcxml/schema/MARC21slim.xsd"
    xmlns="http://www.loc.gov/MARC21/slim">

  <leader>01166cam a2200277 a 4500</leader>
  <controlfield tag="003">dpl</controlfield>
  <controlfield tag="005">20231213155858.0</controlfield>
  <controlfield tag="008">080828t        xxu||||| |||| 00| 0 eng d</controlfield>
  <datafield tag="010" ind1=" " ind2=" ">
    <subfield code="a">B-756046-050</subfield>
  </datafield>
  <datafield tag="020" ind1=" " ind2=" ">
    <subfield code="a">9788183821742</subfield>
    <subfield code="c">250.00</subfield>
  </datafield>
  <datafield tag="035" ind1=" " ind2=" ">
    <subfield code="a">B-756046-050</subfield>
  </datafield>
  <datafield tag="037" ind1=" " ind2=" ">
    <subfield code="b">Lotus Press</subfield>
  </datafield>
  <datafield tag="040" ind1=" " ind2=" ">
    <subfield code="a">DPL</subfield>
    <subfield code="b">English </subfield>
    <subfield code="c">0</subfield>
  </datafield>
  <datafield tag="082" ind1=" " ind2=" ">
    <subfield code="a">646.7</subfield>
  </datafield>
  <datafield tag="100" ind1=" " ind2=" ">
    <subfield code="a">Kapoor, Vimal </subfield>
    <subfield code="9">59242</subfield>
  </datafield>
  <datafield tag="245" ind1=" " ind2=" ">
    <subfield code="a">Art of successful living /</subfield>
    <subfield code="c">by Vimal Kapoor </subfield>
  </datafield>
  <datafield tag="260" ind1=" " ind2=" ">
    <subfield code="a">New Delhi</subfield>
    <subfield code="b">Lotus Press </subfield>
    <subfield code="c">2023</subfield>
  </datafield>
  <datafield tag="270" ind1=" " ind2=" ">
    <subfield code="a">4735/22 , Prakash Deep Building Ansari Road, Darya Ganj,</subfield>
    <subfield code="b">New Delhi </subfield>
    <subfield code="e">110002</subfield>
  </datafield>
  <datafield tag="300" ind1=" " ind2=" ">
    <subfield code="a">176 p.:</subfield>
    <subfield code="c">22cm (pbk) </subfield>
  </datafield>
  <datafield tag="520" ind1=" " ind2=" ">
    <subfield code="a">Contributed papers presented at a seminar organized by Centre for Central Eurasian Studies, University of Mumbai in February-March 2005.</subfield>
  </datafield>
  <datafield tag="650" ind1=" " ind2=" ">
    <subfield code="a">Health</subfield>
    <subfield code="9">59243</subfield>
  </datafield>
  <datafield tag="650" ind1=" " ind2=" ">
    <subfield code="a">Success</subfield>
    <subfield code="x">Religious aspects</subfield>
    <subfield code="9">59244</subfield>
  </datafield>
  <datafield tag="650" ind1=" " ind2=" ">
    <subfield code="a">Success</subfield>
    <subfield code="x">Psychological aspects</subfield>
    <subfield code="9">59245</subfield>
  </datafield>
  <datafield tag="942" ind1=" " ind2=" ">
    <subfield code="2">ddc</subfield>
    <subfield code="c">EN</subfield>
    <subfield code="m">KAP</subfield>
    <subfield code="h">646.7</subfield>
  </datafield>
  <datafield tag="999" ind1=" " ind2=" ">
    <subfield code="c">199335</subfield>
    <subfield code="d">199335</subfield>
  </datafield>
  <datafield tag="952" ind1=" " ind2=" ">
    <subfield code="0">0</subfield>
    <subfield code="1">0</subfield>
    <subfield code="2">ddc</subfield>
    <subfield code="4">0</subfield>
    <subfield code="7">0</subfield>
    <subfield code="8">NFIC</subfield>
    <subfield code="a">L</subfield>
    <subfield code="b">L</subfield>
    <subfield code="d">2023-12-13</subfield>
    <subfield code="e">Lotus Press/198/27.12.23/41/23.11.23/1.12.23</subfield>
    <subfield code="g">250.00</subfield>
    <subfield code="l">2</subfield>
    <subfield code="m">2</subfield>
    <subfield code="o">KAP 646.7</subfield>
    <subfield code="p">B-756046</subfield>
    <subfield code="r">2024-05-24 00:00:00</subfield>
    <subfield code="s">2024-05-07</subfield>
    <subfield code="t">1</subfield>
    <subfield code="v">250.00</subfield>
    <subfield code="w">2023-12-13</subfield>
    <subfield code="y">EN</subfield>
  </datafield>
  <datafield tag="952" ind1=" " ind2=" ">
    <subfield code="0">0</subfield>
    <subfield code="1">0</subfield>
    <subfield code="2">ddc</subfield>
    <subfield code="4">0</subfield>
    <subfield code="7">0</subfield>
    <subfield code="8">NFIC</subfield>
    <subfield code="a">AV</subfield>
    <subfield code="b">AV</subfield>
    <subfield code="d">2023-12-13</subfield>
    <subfield code="e">Lotus Press/198/27.12.23/41/23.11.23/1.12.23</subfield>
    <subfield code="g">250.00</subfield>
    <subfield code="l">1</subfield>
    <subfield code="m">1</subfield>
    <subfield code="o">KAP 646.7</subfield>
    <subfield code="p">B-756047</subfield>
    <subfield code="r">2024-03-23 00:00:00</subfield>
    <subfield code="s">2024-02-24</subfield>
    <subfield code="t">2</subfield>
    <subfield code="v">250.00</subfield>
    <subfield code="w">2023-12-13</subfield>
    <subfield code="y">EN</subfield>
  </datafield>
  <datafield tag="952" ind1=" " ind2=" ">
    <subfield code="0">0</subfield>
    <subfield code="1">0</subfield>
    <subfield code="2">ddc</subfield>
    <subfield code="4">0</subfield>
    <subfield code="7">0</subfield>
    <subfield code="8">NFIC</subfield>
    <subfield code="a">DIZ</subfield>
    <subfield code="b">DIZ</subfield>
    <subfield code="d">2023-12-13</subfield>
    <subfield code="e">Lotus Press/198/27.12.23/41/23.11.23/1.12.23</subfield>
    <subfield code="g">250.00</subfield>
    <subfield code="l">0</subfield>
    <subfield code="o">KAP 646.7</subfield>
    <subfield code="p">B-756048</subfield>
    <subfield code="r">2023-12-13 00:00:00</subfield>
    <subfield code="t">3</subfield>
    <subfield code="v">250.00</subfield>
    <subfield code="w">2023-12-13</subfield>
    <subfield code="y">EN</subfield>
  </datafield>
  <datafield tag="952" ind1=" " ind2=" ">
    <subfield code="0">0</subfield>
    <subfield code="1">0</subfield>
    <subfield code="2">ddc</subfield>
    <subfield code="4">0</subfield>
    <subfield code="7">0</subfield>
    <subfield code="8">NFIC</subfield>
    <subfield code="a">JP</subfield>
    <subfield code="b">JP</subfield>
    <subfield code="d">2023-12-13</subfield>
    <subfield code="e">Lotus Press/198/27.12.23/41/23.11.23/1.12.23</subfield>
    <subfield code="g">250.00</subfield>
    <subfield code="l">4</subfield>
    <subfield code="m">2</subfield>
    <subfield code="o">KAP 646.7</subfield>
    <subfield code="p">B-756049</subfield>
    <subfield code="r">2026-03-02 00:00:00</subfield>
    <subfield code="s">2026-02-28</subfield>
    <subfield code="t">4</subfield>
    <subfield code="v">250.00</subfield>
    <subfield code="w">2023-12-13</subfield>
    <subfield code="y">EN</subfield>
  </datafield>
  <datafield tag="952" ind1=" " ind2=" ">
    <subfield code="0">0</subfield>
    <subfield code="1">0</subfield>
    <subfield code="2">ddc</subfield>
    <subfield code="4">0</subfield>
    <subfield code="7">0</subfield>
    <subfield code="8">NFIC</subfield>
    <subfield code="a">BL4</subfield>
    <subfield code="b">BL4</subfield>
    <subfield code="d">2023-12-13</subfield>
    <subfield code="e">Lotus Press/198/27.12.23/41/23.11.23/1.12.23</subfield>
    <subfield code="g">250.00</subfield>
    <subfield code="l">1</subfield>
    <subfield code="o">KAP 646.7</subfield>
    <subfield code="p">B-756050</subfield>
    <subfield code="r">2026-05-12 11:11:34</subfield>
    <subfield code="s">2026-04-25</subfield>
    <subfield code="t">5</subfield>
    <subfield code="v">250.00</subfield>
    <subfield code="w">2023-12-13</subfield>
    <subfield code="y">EN</subfield>
  </datafield>
</record>
